书目信息 |
| 题名: |
遗传密码
|
|
| 作者: | 鲍新华 著 | |
| 分册: | ||
| 出版信息: | 长春 吉林出版集团有限责任公司 2010.05 |
|
| 页数: | 185页 | |
| 开本: | 24cm | |
| 丛书名: | ||
| 单 册: | ||
| 中图分类: | Q755 | |
| 科图分类: | ||
| 主题词: | 分子遗传学 | |
| 电子资源: | ||
| ISBN: | 978-7-80762-609-1 | |
| 000 | 00646 nam 000241 | |
| 001 | 0100026419 | |
| 005 | 20111230171827.53 | |
| 010 | @a978-7-80762-609-1@dCNY29.50 | |
| 100 | @a20090923d2010 em y0chiy0121 ea | |
| 101 | @achi | |
| 102 | @aCN@b110000 | |
| 105 | @ay z 000yy | |
| 200 | 10 | @a遗传密码@9yi zhuan mi ma@f鲍新华著@Fbao xin hua zhu |
| 205 | @a第2版 | |
| 210 | @a长春@c吉林出版集团有限责任公司@d2010.05 | |
| 215 | @a185页@d24cm | |
| 540 | @a遗传密码 | |
| 606 | @a分子遗传学 | |
| 690 | @aQ755@v4 | |
| 701 | 0 | @a鲍新华@9bao xin hua@4著 |
| 801 | @aCN@bCQULIB@c20111230 | |
| 901 | @a209106 | |
| 905 | @b932405-07@dQ755@eB307=2@f3 | |
| 遗传密码/鲍新华著.-第2版.-长春:吉林出版集团有限责任公司,2010.05 |
| 185页;24cm |
| ISBN 978-7-80762-609-1:CNY29.50 |
| ● |
| 相关链接 |
|
|
|
正题名:遗传密码
索取号:Q755/B307=2
 
预约/预借
| 序号 | 登录号 | 条形码 | 馆藏地/架位号 | 状态 | 备注 |
| 1 | 1191858 | 211918585 | 自科库401/401自科库 31排2列2层/ [索取号:Q755/B307=2] | 在馆 | |
| 2 | 1191859 | 211918594 | 自科库401/401自科库 31排2列2层/ [索取号:Q755/B307=2] | 在馆 | |
| 3 | 1191860 | 211918601 | 自科库401/401自科库 31排2列2层/ [索取号:Q755/B307=2] | 在馆 |